000 00653nam a2200229Ia 4500
003 OSt
005 20220926020958.0
006 a|||||r|||| 00| 0
007 ta
008 220923b |||||||| |||| 00| 0 eng d
020 _a0387558861
037 _cGeneral Book
040 _aRTL
_cRTL
_beng
041 _2eng
_aeng
082 _aB2892, N2
245 0 _aINTERNATIONAL CONFERENCE ongame theory and economics application ed by B.Dutta and others
260 _aNew York
_bSpringer-Verlag
_c1992
300 _aix,454p
_ccm.
500 _aBibliography Chpterwise
942 _hB2892, N2
_cGB
_2CC
999 _c635346
_d635346